<?xml version="1.0" encoding="UTF-8"?><?xml-stylesheet type="text/xsl" href="static/style.xsl"?><OAI-PMH xmlns="http://www.openarchives.org/OAI/2.0/" xmlns:xsi="http://www.w3.org/2001/XMLSchema-instance" xsi:schemaLocation="http://www.openarchives.org/OAI/2.0/ http://www.openarchives.org/OAI/2.0/OAI-PMH.xsd"><responseDate>2026-06-07T06:37:30Z</responseDate><request verb="GetRecord" identifier="oai:riuma.uma.es:10630/11589" metadataPrefix="marc">https://riuma.uma.es/rest/oai/request</request><GetRecord><record><header><identifier>oai:riuma.uma.es:10630/11589</identifier><datestamp>2026-02-03T12:31:18Z</datestamp><setSpec>com_10630_2254</setSpec><setSpec>col_10630_37959</setSpec></header><metadata><record xmlns="http://www.loc.gov/MARC21/slim" xmlns:dcterms="http://purl.org/dc/terms/" xmlns:doc="http://www.lyncode.com/xoai" xmlns:xsi="http://www.w3.org/2001/XMLSchema-instance" xsi:schemaLocation="http://www.loc.gov/MARC21/slim http://www.loc.gov/standards/marcxml/schema/MARC21slim.xsd">
   <leader>00925njm 22002777a 4500</leader>
   <datafield ind2=" " ind1=" " tag="042">
      <subfield code="a">dc</subfield>
   </datafield>
   <datafield ind2=" " ind1=" " tag="720">
      <subfield code="a">España, Pablo</subfield>
      <subfield code="e">author</subfield>
   </datafield>
   <datafield ind2=" " ind1=" " tag="720">
      <subfield code="a">Democracia</subfield>
      <subfield code="e">author</subfield>
   </datafield>
   <datafield ind2=" " ind1=" " tag="260">
      <subfield code="c">2016-06-08</subfield>
   </datafield>
   <datafield ind2=" " ind1=" " tag="520">
      <subfield code="a">Conferencia y debate posterior con Pablo España, integrante, junto a Iván López, del colectivo Democracia, operativo artístico de intervención social de gran relevancia nacional e internacional. La sesión versó sobre diversas obras de intervención social de este colectivo a lo largo de diferentes ciudades del mundo. DEMOCRACIA mantiene una línea de trabajo de marcado interés por la intervención en el ámbito de lo social, a través de planteamientos comprometidos con lo real. Sus proyectos responden a una preocupación sobre la progresiva escenificación de los ámbitos de convivencia, visible, no sólo en la importancia, cada vez mayor, de la imagen, sino también en la paulatina incorporación del simulacro a diversos campos de la vida cotidiana, tales como la política, la tecnología o la cultura. Democracia trabaja también en la edición (son directores de la revista Nolens Volens) y en el comisariado (No Futuro, Madrid Abierto 2008, Creador de Dueños, Arte Útil). Fueron fundadores y miembros del colectivo El Perro (1989-2006).</subfield>
   </datafield>
   <datafield ind1="8" ind2=" " tag="024">
      <subfield code="a">http://hdl.handle.net/10630/11589</subfield>
   </datafield>
   <datafield tag="653" ind2=" " ind1=" ">
      <subfield code="a">Artistas - Entrevistas</subfield>
   </datafield>
   <datafield tag="653" ind2=" " ind1=" ">
      <subfield code="a">Participación ciudadana</subfield>
   </datafield>
   <datafield ind2="0" ind1="0" tag="245">
      <subfield code="a">No hay espectadores</subfield>
   </datafield>
</record>
</metadata></record></GetRecord></OAI-PMH>